1491 1775 1309 1260 1001 1476 1525 1155 1870 1790 1858 1389 1674 1932 1504 1605 1468 1288 1069 1329 1181 1829 1550 1307 1294 1074 1070 1789 1195 1118 1151 1694 1104 1396 1530 1244 1531 1417 1057 1500 1821 1504 1038 1634 1013 1932 1477 1784 1607 1755 1905 1847 1072 1515 1988 1481 1590 1699 1278 1861 1085 1457 1418 1143 1420 1161 1898 1759 1272 1099 1290 1068 1566 1508 1099 1136 1162 1748 1834 1605 1790 1577 1774 1657 1611 1306 1336 1781 1141 1747 1658 1426 1476 1399 1065 1562 1771 1543 1475 BCNSPRNW ULIB Ver.6.0+V

เปลี่ยนเป็นภาษาไทย

Change to English
 แสดงรายละเอียดบรรณานุกรม
  กลับหน้าหลัก

Brief Record : Get Marc (ISO 2709) : E-mail record : QR code < ปิดหน้าต่าง
LEADER : 00000nam 2200000uu 4500
001    13399126408
003     ULIB
008    020711s2017 th a 000 0 eng d
020    ^a9781496335869
060    ^aQZ4^bB825A
100    ^aCarie Braun , Cindy Anderson
245    ^aApplied Pathophysiology A Conceptual Approach to the Mechanisms of Disease
250    ^a2nd ed
260    ^aPhiladelphia :^bWolters Kluwer,^c2017
300    ^a572 pages;^b30 cm
650    ^aPathology
650    ^aPhysiology
650    ^aPhysiological Phenomena
945    ^p3026^l0^i004633
945    ^p3026^l0^i005399
999    ^aประนอม เกษจรัล
รายการนี้ยังไม่มีแท็ก
คุณยังไม่ได้ล็อกอิน คุณสามารถมีกิจกรรมร่วมกับเว็บไซต์ได้ แต่ต้องล็อกอินก่อน ::
  ล็อกอิน

รายการสื่อสารสนเทศ

ลำดับที่ ประเภท เลขเรียก/บาร์โค้ด สถานที่ สถานะ
1. วิทยาศาสตร์การแพทย์ และสุขภาพ
หนังสือสำรอง
สถานะ=หนังสือสำรอง
QZ4 B825A ฉ.1 
  Barcode: 004633
ห้องสมุดวิทยาเขตสวรรค์ประชารักษ์
►หนังสือทั่วไป
บนชั้น
2. วิทยาศาสตร์การแพทย์ และสุขภาพ
วิทยาศาสตร์การแพทย์ และสุขภาพ
QZ4 B825A ฉ.2 
  Barcode: 005399
ห้องสมุดวิทยาเขตสวรรค์ประชารักษ์
►หนังสือทั่วไป
บนชั้น

รายการใกล้เคียง
    หัวเรื่อง [Pathology]
    หัวเรื่อง [Physiology]
    หัวเรื่อง [Physiological Phenomena]

BibComment


ยังไม่เคยถูกคอมเมนท์

คอมเมนท์ทรัพยากรรายการนี้
  คอมเมนท์: Applied Pathophy..


 Copyright 2026. Bcnsprnw @Library